| 000 | 00478nam a22001937a 4500 | ||
|---|---|---|---|
| 003 | MPLRDC | ||
| 005 | 20220104114735.0 | ||
| 008 | 210129b ||||| |||| 00| 0 eng d | ||
| 020 | _a986-7889-17-7 | ||
| 082 | _a494 GYYX | ||
| 100 | _a冈野雅行 | ||
| 245 |
_a困难的事,我来做! _c沈俪蕊译 |
||
| 250 | _a初版 | ||
| 260 |
_a台湾 _b经济新潮社 _c2004 |
||
| 300 | _b223 | ||
| 490 | _a经营管理. 22 | ||
| 650 | _a企业管理 | ||
| 942 |
_cBK _o494 GYYX |
||
| 999 |
_c9860 _d9850 |
||